[Event "Caioba Telecom op"]
[Site "Caioba"]
[Date "2016.08.28"]
[Round "6"]
[White "Machado, Amanda Garcia"]
[Black "Ribeiro, Jessica Maria da Si"]
[Result "1-0"]
[WhiteElo "1307"]
[BlackElo "1800"]
[PlyCount "81"]
[EventDate "2016.08.26"]
[EventType "swiss"]
[EventRounds "6"]
[EventCountry "BRA"]
[SourceTitle "CBM 174 Extra"]
[Source "ChessBase"]
[SourceDate "2016.10.10"]
[SourceVersion "1"]
[SourceVersionDate "2016.10.10"]
[SourceQuality "1"]

1. e4 e5 2. Nf3 Nc6 3. d4 exd4 4. Nxd4 Nf6 5. f3 d6 6. Bb5 Bd7 7. Nc3 a6 8. Nxc6 Bxc6 9. Bxc6+ bxc6 10. Bg5 h6 11. Bxf6 Qxf6 12. Qd3 Be7 13. Qc4 0-0 14. Qxc6 Rfc8 15. 0-0 Qd4+ 16. Kh1 Qd2 17. Nd5 Bg5 18. Rfd1 Qf2 19. b3 Kh8 20. c4 a5 21. Qd7 f6 22. Ne7 Re8 23. Nf5 Rg8 24. Qxc7 a4 25. Nxd6 axb3 26. Nf7+ Kh7 27. Nxg5+ hxg5 28. Qf7 Kh6 29. Rf1 Qxf1+ 30. Rxf1 b2 31. g4 g6 32. Rd1 Rg7 33. Qxf6 Rxa2 34. Rb1 Rb7 35. Qh8+ Rh7 36. Qf8+ Rg7 37. Qb4 Rc7 38. Rxb2 Rxb2 39. Qxb2 Kh7 40. Qf6 Rxc4 41. Qf7+ 1-0

[Event "BRA-ch U18 Girls"]
[Site "Itajai"]
[Date "2016.06.11"]
[Round "4"]
[White "Machado, Amanda Garcia"]
[Black "Librelato, Kathie Goulart"]
[Result "0-1"]
[WhiteElo "1335"]
[BlackElo "2063"]
[PlyCount "52"]
[EventDate "2016.06.09"]
[EventType "swiss"]
[EventRounds "6"]
[EventCountry "BRA"]
[SourceTitle "CBM 172 Extra"]
[Source "ChessBase"]
[SourceDate "2016.06.21"]
[SourceVersion "1"]
[SourceVersionDate "2016.06.21"]
[SourceQuality "1"]

1. e4 e5 2. Nf3 Nc6 3. d4 exd4 4. Nxd4 Nf6 5. f3 Bc5 6. Be3 Bb6 7. Bc4 0-0 8. c3 Re8 9. 0-0 d5 10. exd5 Na5 11. Bf2 Nxc4 12. b3 Ne3 13. Bxe3 Rxe3 14. c4 Bf5 15. Kh1 Rd3 16. Nxf5 Rxd1 17. Rxd1 Qe8 18. Nc3 Qe5 19. d6 Qxf5 20. dxc7 Bxc7 21. Nd5 Nxd5 22. Rxd5 Qf4 23. Rh5 g6 24. Rh3 Re8 25. Rd1 Re2 26. a4 Qd2 0-1

[Event "Paranaense-ch (Women) 2013"]
[Site "Curitiba"]
[Date "2014.01.17"]
[Round "2.7"]
[White "Tonette, Janaine Gusmao"]
[Black "Machado, Amanda Garcia"]
[Result "1-0"]
[WhiteElo "1887"]
[BlackElo "1800"]
[PlyCount "39"]
[EventDate "2014.01.17"]
[EventType "swiss"]
[EventRounds "6"]
[EventCountry "BRA"]
[SourceTitle "EXT 2022"]
[Source "ChessBase"]
[SourceDate "2021.10.06"]
[SourceVersion "1"]
[SourceVersionDate "2021.10.06"]
[SourceQuality "1"]

1. d4 Nf6 2. Bg5 Ne4 3. Bf4 g6 4. f3 Nf6 5. Qd2 Bg7 6. Bh6 0-0 7. h4 Nh5 8. Rh3 d6 9. g4 e5 10. dxe5 Re8 11. Bxg7 Kxg7 12. exd6 cxd6 13. Qd4+ f6 14. gxh5 Bxh3 15. Nxh3 Qa5+ 16. Nc3 Qxh5 17. 0-0-0 Rd8 18. Nd5 Rf8 19. Nhf4 Kg8 20. Nxh5 1-0